000 00560nam a2200157 i 4500
001 155141
003 ES-MaACL
005 20230906205956.0
008 040726s1900 sp |||| | spa d
100 1 _aHauser, Enrique.
_962111
245 1 0 _aBases fundamentales para una ley universal sobre patentes de invención /
_cpor Enrique Hauser.
260 _aMadrid :
_b[s.a.],
_c1900 (
_fImp. de Enrique Teodoro y Alonso)
300 _a14 p. ;
_c24 cm.
650 4 _aPatentes.
_9136664
852 _aES-MaACL
_jT-978-F-8
_z- Enc. hol.
_z- Enc. en un vol. facticio
999 _c155141
_d155141